000 00588cam a22002053a 4500
001 34968
003 PGUSA
005 20140828083744.0
008 110115s2011||||xxu|||||s|||||000 | eng d
040 _aPGUSA
_beng
042 _adc
100 1 _aPinchard, Elizabeth
245 1 0 _aMystery and Confidence, Vol. 2 :
_bA Tale
_h[electronic resource] /
_cElizabeth Pinchard
260 _bProject Gutenberg,
_c2011
506 _aPublic domain in the USA.
516 _aElectronic text
830 0 _aProject Gutenberg
_v34968
856 4 0 _uhttp://www.gutenberg.org/ebooks/34968
942 _cEB
999 _c264223
_d264223